| 000 | 00673nmm a2200253 a 4500 | ||
|---|---|---|---|
| 003 | AR-BaBNM | ||
| 005 | 20251128202957.0 | ||
| 008 | 138019s1980 ||||||||||||||000 | spa|| | ||
| 040 | _cAR-BaBNM | ||
| 245 | 1 | 0 | _aManual del oficial de guardia |
| 260 |
_aBuenos Aires _bEditorial policial _c1980 |
||
| 300 | 0 |
_a725 p. _btablas |
|
| 650 | 4 | _aPOLICIA | |
| 650 | 4 | _aMANUAL | |
| 650 | 4 | _aFORMACION PROFESIONAL | |
| 700 | 1 | _aBernaus, José Félix | |
| 700 | 1 | _aBrotto, Norberto Alejandro | |
| 700 | 1 | _aGramano, Carlos Alberto | |
| 700 | 1 | _aNava, Juan Antonio | |
| 700 | 1 | _aClich, Juan Carlos | |
| 700 | 1 | _aChamorro, Osvaldo Horacio | |
| 942 | _cBK | ||
| 998 | _cCARMEN | ||
| 999 |
_c1334 _d1334 |
||